000 00735nam a2200289Ia 4500
005 20260324143837.0
008 008 260324s9999 xx 000 0 eng d
020 _a9781315035444
037 _aEBOOK
040 _aCRL
040 _beng
040 _cCRL
041 _2eng
041 _aeng
084 _qCRL
100 _aZ.A. Konczacki; Jane L. Parpart; Timothy M. Shaw
_91216366
245 0 _aStudies in the Economic History of Southern Africa
245 0 _bVolume 1: The Front Line states
260 _bTaylor and Francis
260 _c1990
365 _a
365 _b120
856 _uhttp://www.taylorfrancis.com/books/9781315035444
942 _cEBOOK
999 _c1823011
_d1823011